MATCHING TEST #2 5/8/24 - Statistics

General Stats
  • This quiz has been taken 20 times
  • The average score is 8 of 19
Answer Stats
Definitions Answer % Correct
Lubricating liquid Synovial Fluid
100%
Connects bone to bone Ligament
75%
Works via contractions Muscle
75%
Small sac of synovial fluid Bursae
50%
An internal, hard skeleton Endoskeleton
50%
Reduces friction Synovial Fluid
50%
Keeps the joint from wearing out Synovial Fluid
50%
Connect muscle to bone Tendons
50%
Decreases friction Bursae
25%
Act as shock absorber Bursae
25%
Contains collagen and elastin Cartilage
25%
Flexible connective tissue Cartilage
25%
Does not contain blood vessels Cartilage
25%
Tough, fibrous connective tissue Ligament
25%
Can stretch somewhat Ligament
25%
allows bone to move without separating Ligament
25%
Allows movement to occur Muscle
25%
Aids in the function of some internal organs Muscle
25%
Tough, fibrous connective tissue Tendons
25%
No matching quizzes found
Score Distribution
Percent of People with Each Score
Percentile by Number Answered
Your Score History
You have not taken this quiz